| 000 | 00498nam a2200193Ia 4500 | ||
|---|---|---|---|
| 005 | 20250923144415.0 | ||
| 008 | 008 250917s9999 xx 000 0 eng d | ||
| 037 | _aTextual | ||
| 040 |
_aDSWL _beng _cDSWL |
||
| 041 |
_aeng _2eng |
||
| 084 |
_aY1, G0 _qDSWL |
||
| 100 |
_aGillin, J.V _9824587 |
||
| 245 | 0 |
_aOutlines of sociology _cby J.V Gillin |
|
| 260 | _c1930 | ||
| 300 | _a692 p. | ||
| 700 |
_aF.W Blackmar _9824588 |
||
| 942 |
_cTEXL _hY1, G0 |
||
| 999 |
_c1438476 _d1438476 |
||